The Oxford 5000 - Letter W+Y - Translate from Polish to English - Statystyki

Ogólne statystyki
  • Ten quiz został rozwiązany 11 razy
  • Średni wynik to 10 z 43
Statystyki odpowiedzi
Polish Angielski % Poprawnych
wojownik warrior
67%
cotygodniowy weekly
67%
dziwny weird
67%
wdowa widow
67%
miejsce pracy workplace
67%
ocieplenie warming
50%
ktokolwiek whoever
50%
wilk wolf
50%
trening, ćwiczenia fizyczne workout
50%
nadgarstek wrist
50%
włóczyć się, wędrować wander
33%
chwast, zielsko(narkotyk) weed
33%
pszenica wheat
33%
mądrość wisdom
33%
dowcip, bystrość umysłu wit
33%
warsztat, warsztaty (szkolenie) workshop
33%
robak worm
33%
magazyn warehouse
17%
nakaz (sądowy) / uzasadniać, gwarantować warrant
17%
opieka społeczna, zasiłek, dobrobyt, pomyślność welfare
17%
chłostać, ubić (np. śmietanę) whip
17%
całkowicie, w pełni wholly
17%
poszerzać (się) widen
17%
szerokość width
17%
wycierać, przetrzeć wipe
17%
wycofać (się), wypłacić (pieniądze) withdraw
17%
kult, cześć / czcić, wielbić worship
17%
plon, zysk / ustąpić (np. pierwszeństwa), rodzić (plony) yield
17%
oddział (w szpitalu), okręg wyborczy, podopieczny ward
0%
działania wojenne warfare
0%
osłabiać (się) weaken
0%
tkać, pleść (np. koszyk, opowieść) / splot weave
0%
studnia, szyb well
0%
dobrostan, pomyślność, dobre samopoczucie well-being
0%
w ogóle, jakikolwiek (wzmacnia przeczenie) whatsoever
0%
przez co, przy czym, na mocy którego, dzięki czemu whereby
0%
powszechny, szeroko rozpowszechniony widespread
0%
chęć, gotowość (do zrobienia czegoś) willingness
0%
wycofanie, wypłata, syndrom odstawienia withdrawal
0%
siła robocza, pracownicy workforce
0%
warty zachodu, opłacalny worthwhile
0%
godny (czegoś), wartościowy worthy
0%
krzyczeć, wrzeszczeć yell
0%
Nie znaleziono quizów pasujących do podanych kryteriów
Rozkład punktacji
Procent ludzi z każdym wynikiem
Percentyl według liczby udzielonych odpowiedzi
Twoja historia wyników
Nie rozwiązałeś tego quizu